000 00693nam a2200289Ia 4500
005 20260324140933.0
008 008 260324s9999 xx 000 0 eng d
020 _a9780429040283
037 _aEBOOK
040 _aCRL
040 _beng
040 _cCRL
041 _2eng
041 _aeng
084 _qCRL
100 _aTimothy J. Knab
_91206301
245 2 _aA War Of Witches
245 2 _bA Journey Into The Underworld Of The Contemporary Aztecs
260 _bTaylor and Francis
260 _c1998
365 _a
365 _b230
856 _uhttp://www.taylorfrancis.com/books/9780429040283
942 _cEBOOK
999 _c1808867
_d1808867